Založenie, zrušenie ROPO bez likvidácie zriaďovateľom a založenie, zrušenie alebo rozdelenie obce

Obec si na plnenie úloh môže zriadiťrozpočtovú organizáciu/príspevkovú organizáciu. Taktiež na základe svojho rozhodnutia obec/mesto môže tieto organizácie zrušiť bez likvidácie. Ide o spájanie ÚJ zlúčením, splynutím alebo rozdelením, ktoré je založené na dobrovoľnom rozhodnutí o zrušení ÚJ. Úkony...

Descrizione completa

Salvato in:
Dettagli Bibliografici
Autore principale: Jakubíková, Hana
Natura: Capitolo di libro
Lingua:slovacco
Soggetti:
Tags: Aggiungi Tag
Nessun Tag, puoi essere il primo ad aggiungerne!!

MARC

LEADER 00000naa a2200000 4500
001 0192105
005 20240502073225.4
041 0 |a slo 
044 |a SK 
245 1 0 |a Založenie, zrušenie ROPO bez likvidácie zriaďovateľom a založenie, zrušenie alebo rozdelenie obce  |c Hana Jakubíková 
520 |a Obec si na plnenie úloh môže zriadiťrozpočtovú organizáciu/príspevkovú organizáciu. Taktiež na základe svojho rozhodnutia obec/mesto môže tieto organizácie zrušiť bez likvidácie. Ide o spájanie ÚJ zlúčením, splynutím alebo rozdelením, ktoré je založené na dobrovoľnom rozhodnutí o zrušení ÚJ. Úkony týkajúce sa zrušenia ÚJ bez likvidácie majú vždy písomnú formu. 
610 2 0 |a organizácie rozpočtové 
610 2 0 |a obce 
610 2 0 |a jednotka účtovná 
610 2 0 |a účtovníctvo 
100 1 |a Jakubíková, Hana